| 000 -LEADER |
| fixed length control field |
00778nam a2200229Ia 4500 |
| 001 - CONTROL NUMBER |
| control field |
1888 |
| 003 - CONTROL NUMBER IDENTIFIER |
| control field |
GE_BSU |
| 005 - DATE AND TIME OF LATEST TRANSACTION |
| control field |
20221007160647.0 |
| 008 - FIXED-LENGTH DATA ELEMENTS--GENERAL INFORMATION |
| fixed length control field |
181216s2007ru xx |||||||||||||| ||rus|| |
| 020 ## - INTERNATIONAL STANDARD BOOK NUMBER |
| International Standard Book Number |
5797507285 |
| 040 ## - CATALOGING SOURCE |
| Transcribing agency |
GE_BSU |
| 041 ## - LANGUAGE CODE |
| Language code of text/sound track or separate title |
rus |
| 080 ## - UNIVERSAL DECIMAL CLASSIFICATION NUMBER |
| Universal Decimal Classification number |
343.98(975.8) К-82 |
| 245 ## - TITLE STATEMENT |
| Title |
Криминалистика : |
| Remainder of title |
Учебное пособие для студ. вузов / |
| Statement of responsibility, etc. |
Отв. ред.Н.П. Яблокова. |
| 250 ## - EDITION STATEMENT |
| Edition statement |
Изд. 3-ье перер. и доп. |
| 264 ## - PRODUCTION, PUBLICATION, DISTRIBUTION, MANUFACTURE, AND COPYRIGHT NOTICE |
| Place of production, publication, distribution, manufacture |
Москва : |
| Name of producer, publisher, distributor, manufacturer |
Юристь, |
| Date of production, publication, distribution, manufacture, or copyright notice |
2007. |
| 300 ## - PHYSICAL DESCRIPTION |
| Extent |
781 с.: |
| Other physical details |
21 см. |
| 653 ## - INDEX TERM--UNCONTROLLED |
| keyword |
Криминалистика |
| 653 ## - INDEX TERM--UNCONTROLLED |
| keyword |
კრიმინალისტიკა |
| 700 ## - ADDED ENTRY--PERSONAL NAME |
| Personal name |
Яблокова, Н.П. |
| Relator term |
რედაქტორი |
| 9 (RLIN) |
15156 |
| 942 ## - ADDED ENTRY ELEMENTS (KOHA) |
| Koha item type |
წიგნი |
| Source of classification or shelving scheme |
|